000 00978nam a2200265Ia 4500
003 OSt
005 20220927110304.0
006 a|||||r|||| 00| 0
007 ta
008 220926b |||||||| |||| 00| 0 eng d
024 _a84166
037 _cReference Collections
040 _aRTL
_cRTL
_beng
041 _2eng
_aeng
082 _a"X991:9p2,N96, N6"
110 _aSeminar on Labour Management Relations in the New Environment of Globalisation. (Chairman : Deepak Sinha)(1996)(New Delhi)
_9376099
245 0 _aProceedings
260 _aNew
_bDelhi Confederation of Indian Industry India
_c1996
300 _a171p.
_ccm.
500 _a"Confederation of Indian Industry, Publication"
650 _aGlobalization
_9376100
700 _aSeminar on Labour Management Relations in the New Environment of Globalisation. (Chairman : Deepak Sinha)(1996)(New Delhi)
_9376101
942 _h"X991:9p2,N96, N6"
_cCC
999 _c695516
_d695516